000 00614nam a2200205Ia 4500
005 20250508151045.0
008 008 250505s9999 xx 000 0 eng d
037 _aTextual
040 _aFEDL
_beng
_cFEDL
041 _aeng
_2eng
084 _a370.7, HAR
_qFEDL
100 _aHarrison A.S.
_9758321
245 0 _aStudies and impressions 1902-1952
260 _aLondon, UK
_bThe University of London, Insitute of Education
_c1952
300 _a247p.
490 _aUniversity of London Institute of Education
650 _aEducation
942 _cTEXL
_h370.7, HAR
999 _c1327314
_d1327314